Cargando...

Safe Drinking Water And Improved Sanitation In

Detalles Bibliográficos
Autor Principal: Francis Kuriakose
Outros autores: Deepa Kylasam Iyer
Idioma:Undetermined
Subjects:
LEADER 00655nab a2200205Ia 4500
008 170811c99999999xx |||||||||||| ||und||
100 |a Francis Kuriakose  
245 |a Safe Drinking Water And Improved Sanitation In 
300 |a 45-47 
653 |a  Drinking water 
653 |a  India; Rural India 
653 |a  Poverty alleviation 
653 |a  Sanitation 
653 |a  Water supply 
653 |a Health 
700 |a  Deepa Kylasam Iyer 
773 |t Kurukshetra   |g Vol. 60 No. 12 (October) 2012 
942 |c ART 
999 |c 179353  |d 179353 
952 |0 0  |1 0  |4 0  |7 0  |9 245201  |a LIB  |b LIB  |d 2017-08-13  |h Vol. 60 No. 12 (October) 2012  |r 2017-08-13  |w 2017-08-13  |y ART